Debts and interest in the construction industry : a guide to the Late Payment of Commercial Debts (interest) Act 1998 (Record no. 100329)
[ view plain ]
| 000 -LEADER | |
|---|---|
| fixed length control field | 01023cam a2200241 4500 |
| 008 - FIXED-LENGTH DATA ELEMENTS--GENERAL INFORMATION | |
| fixed length control field | 000000n2000 000 0 eng u |
| 020 ## - INTERNATIONAL STANDARD BOOK NUMBER | |
| International Standard Book Number | 0727728385 |
| 035 ## - SYSTEM CONTROL NUMBER | |
| System control number | (Sirsi) u105108 |
| 050 ## - LIBRARY OF CONGRESS CALL NUMBER | |
| Classification number | 346.41077 |
| 100 ## - MAIN ENTRY--PERSONAL NAME | |
| Personal name | Johnston, Scott |
| 245 ## - TITLE STATEMENT | |
| Title | Debts and interest in the construction industry : a guide to the Late Payment of Commercial Debts (interest) Act 1998 |
| 260 ## - PUBLICATION, DISTRIBUTION, ETC. | |
| Place of publication, distribution, etc. | London |
| Name of publisher, distributor, etc. | Thomas Telford |
| Date of publication, distribution, etc. | 2000 |
| 300 ## - PHYSICAL DESCRIPTION | |
| Extent | 145p. ; 21cm. |
| 350 ## - PRICE (NR) (BK AM CF MU VM SE) [OBSOLETE] | |
| Price | 25.00 |
| 520 ## - SUMMARY, ETC. | |
| Summary, etc. | This book provides practical assistance for creditors and debtors in dealing with The Late Payment of Commercial Debts (interest) Act 1998. Commentary on the existing law of interest on debts is also provided, as well as a review of how the courts, arbitrators and adjudicators deal with claims for interest and how these claims are made. |
| 650 ## - SUBJECT ADDED ENTRY--TOPICAL TERM | |
| Topical term or geographic name entry element | LATE PAYMENT OF COMMERCIAL DEBTS (INTEREST) ACT 1998 |
| 650 ## - SUBJECT ADDED ENTRY--TOPICAL TERM | |
| Topical term or geographic name entry element | DEBT |
| 650 ## - SUBJECT ADDED ENTRY--TOPICAL TERM | |
| Topical term or geographic name entry element | CREDITORS |
| 650 ## - SUBJECT ADDED ENTRY--TOPICAL TERM | |
| Topical term or geographic name entry element | DEBTORS |
| 650 ## - SUBJECT ADDED ENTRY--TOPICAL TERM | |
| Topical term or geographic name entry element | Contracts |
| 9 (RLIN) | 6232 |
| 690 ## - LOCAL SUBJECT ADDED ENTRY--TOPICAL TERM (OCLC, RLIN) | |
| Topical term or geographic name as entry element | LAW |
| 942 ## - ADDED ENTRY ELEMENTS (KOHA) | |
| Suppress in OPAC | 0 |
| Withdrawn status | Lost status | Source of classification or shelving scheme | Damaged status | Not for loan | Home library | Current library | Shelving location | Date acquired | Cost, normal purchase price | Total Checkouts | Full call number | Barcode | Date last seen | Date last checked out | Copy number | Cost, replacement price | Price effective from | Koha item type |
|---|---|---|---|---|---|---|---|---|---|---|---|---|---|---|---|---|---|---|
| Dewey Decimal Classification | London | London | Books | 11/04/2000 | 25.00 | 4 | 346.41077 JOH | 30061169 | 06/08/2019 | 17/11/2004 | 1 | 25.00 | 06/08/2019 | Book |